• 首页
  • 本馆介绍
  • 公告通知
  • 最新文献
  • 馆藏检索
  • 电子资源
  • 读者导购
  • 参考咨询
  • 我的图书馆
  • 登录
  • 详细信息显示
  • 放入我的书架
  • 预约/预借图书
  • 作者相关作品
  • 分类相关作品
  • 丛书相关作品
  • 出版社相关作品

书目信息

  • 表格格式
  • 工作单格式
  • 卡片格式
题名:
在橄榄树的故乡
    
 
作者: 贝利 著 ;思闵 译
分册:  
出版信息: 北京   北京出版社  1981
页数: 164页
开本: 19cm
丛书名:
单 册:
中图分类: I546.4
科图分类:
主题词: 文学 , 神话--意大利--选集
电子资源:
ISBN:
000 00744nam0 2200265 45
001 0181003518
005 20060914105542.90
010    @dCNY0.45
091    @a10071.328
100    @a19950526d1981 am y0chiy0121 ea
101 1  @achi@cita
102    @aCN@b110000
105    @af z 000zy
200 10 @a在橄榄树的故乡@Azai gan lan shu de gu xiang@e希腊神话故事选@f(意)F.贝利著@g思闵译
210    @a北京@c北京出版社@d1981
215    @a164页@c插图@d19cm
517 1  @a希腊神话故事选@Axi la shen hua gu shi xuan
606 0  @a文学
606    @a神话@y意大利@x选集
690    @aI546.4
701  1 @a贝利@Abei li@bF.@4著
702  0 @a思闵@Asi min@4译
801  0 @aCN@b上海图书馆@c20060914
801  2 @aCN@bNLC@c20060817
905    @dI546.4@e3
    
    在橄榄树的故乡:希腊神话故事选/(意)F.贝利著/思闵译.-北京:北京出版社,1981
    164页:插图;19cm
    
    
    ISBN :CNY0.45
    
●
相关链接 在E读中查询图书 在五车中查询图书 在当当中查询图书 在豆瓣中查询图书


正题名:在橄榄树的故乡     索取号:I546.4/3         预约/预借

序号 登录号 条形码 馆藏地/架位号 状态 备注
1 0064485   001918116   密集书库/ [索取号:I546.4/3] 在馆    
2 0064486   000324036   第二借阅区/ [索取号:I546.4/3] 在馆    
3 0064487   000324072   第一样本阅览室/ [索取号:I546.4/3] 在馆    
4 0467385   204673852   密集书库/ [索取号:I546.4/3] 在馆    
5 0467386   204673861   密集书库/ [索取号:I546.4/3] 在馆    
6 0473682   204736820   密集书库/ [索取号:I546.4/3] 在馆    
唐山师范学院图书馆 欢迎您!
大连网信软件有限公司© 版权所有